Las instituciones penales Colombianas y su evolución a partir del código de 1837 (Registro nro. 1282)
[ vista simple ]
| 000 -ENCABEZADO | |
|---|---|
| Número de control [NR] | 00808nam a2200193Ia 4500 |
| 008 - DE LONGITUD FIJA DE DATOS DE ELEMENTOS - INFORMACIÓN GENERAL | |
| Elementos de longitud fija [NR] | 130821s1986 ck gr spa |
| 020 ## - NUMERO INTERNACIONAL NORMALIZADO PARA LIBROS [R] | |
| Número Internacional Normalizado del libro [NR] | 9586160653 |
| 040 ## - FUENTE DE CATALOGACION [NR] | |
| Agencia de catalogación original [NR] | Co-BoUCM |
| Idioma de catalogación [NR] | spa |
| 041 ## - CODIGO DE IDIOMA [R] | |
| Código de idioma para texto/pista de sonido o título separado [R] | Español |
| 100 1# - ASIENTO PRINCIPAL--NOMBRE PERSONAL [NR] | |
| Nombre personal [NR] | Cancino Moreno, Antonio José |
| Fechas asociadas con el nombre [NR] | 1940- |
| 245 14 - MENCION DE TITULO [NR] | |
| Título [NR] | Las instituciones penales Colombianas y su evolución a partir del código de 1837 |
| Mención de responsabilidad, etc. [NR] | Antonio José Cancino Moreno |
| 260 ## - PUBLICACION, DISTRIBUCION, ETC. (PIE DE IMPRENTA) [R] | |
| Lugar de publicación, distribución, etc. [R] | Bogotá (Colombia) |
| Nombre del editor, distribuidor, etc. [R] | Universidad Externado de Colombia |
| Fecha de publicación, distribución, etc. [R] | 1986 |
| 300 ## - DESCRIPCION FISICA [R] | |
| Extensión [R] | 4 volúmenes |
| 505 ## - NOTA DE CONTENIDO CON FORMATO PREESTABLECIDO [R] | |
| Nota de contenido con formato preestablecido [NR] | V.1 : 1986. -- V.1 Parte Especial : Delitos contra la integridad personal 1988. -- v.2 : 1986. -- V.3 Parte General : Penas y sanciones. |
| 650 04 - ASIENTO SECUNDARIO DE MATERIA - TERMINO TEMATICO [R] | |
| Término temático o nombre geográfico como elemento de entrada [NR] | Derecho penal |
| 9 (RLIN) | 12805 |
| 650 04 - ASIENTO SECUNDARIO DE MATERIA - TERMINO TEMATICO [R] | |
| Término temático o nombre geográfico como elemento de entrada [NR] | Derecho penal |
| Subdivisión general [R] | Historia |
| Subdivisión geográfica [R] | Colombia |
| 9 (RLIN) | 12805 |
| 942 ## - ELEMENTOS DE ENTRADA AGREGADOS (KOHA) | |
| Tipo de ítem principal el descrito en 300a | Libro |
| Tema principal | Derecho |
| Edición | 1 |
| Parte restante de la signatura top. | C15i |
| Sistema de clasificación | DEWEY |
| Clasificación | 345 |
| Fecha de último préstamo | Signatura topográfica | Código de barras | Última vez visto | Volúmen / Fascículo | Ejemplar | Price effective from | Tipo de ítem | Perdido | Sistema de clasificación | Dañado | No prestable | Tipo de ítem específico | Suprimido | Ubicación habitual | Ubicación actual | Localización | Fecha de creación | Forma de adquisición | Costo | Total préstamos |
|---|---|---|---|---|---|---|---|---|---|---|---|---|---|---|---|---|---|---|---|---|
| 20/07/2009 | 345 C15i | 100099187 | 03/07/2026 | V.1 | Ej.2 | 03/02/2013 | Libro | DEWEY | Libro | Claustro | Claustro | 3er piso | 28/02/2009 | Compra | 13000.00 | |||||
| 03/05/2009 | 345 C15i | 100032166 | 03/07/2026 | V.3 | Ej.1 | 03/02/2013 | Libro | DEWEY | Libro | Claustro | Claustro | 3er piso | 28/02/2003 | Compra | 4700.00 | 4 | ||||
| 25/08/2009 | 345 C15i | 100032164 | 03/07/2026 | V.1 PARTE ESPECIAL | Ej.1 | 03/02/2013 | Libro | DEWEY | Libro | Claustro | Claustro | 3er piso | 28/02/2003 | Compra | 4700.00 | |||||
| 25/08/2009 | 345 C15i | 100032165 | 03/07/2026 | V.2 | Ej.1 | 03/02/2013 | Libro | DEWEY | Libro | Claustro | Claustro | 3er piso | 28/02/2003 | Compra | 4700.00 |